Základné imanie nadácie
Zakotvenie inštitútu základného imania v zákone o nadáciách. Cieľom inštitútu základného imania je dlhodobo zachovať cieľ nadácie. Uplatnenie princípu primeranosti veľkosti majetku nadácie. Výška hodnoty vloženého majetku. Obmedzenia týkajúce sa darovania majetku nadácie.
Salvato in:
| Autore principale: | |
|---|---|
| Natura: | Capitolo di libro |
| Lingua: | slovacco |
| Soggetti: | |
| Tags: |
Nessun Tag, puoi essere il primo ad aggiungerne!!
|
MARC
| LEADER | 00000naa a2200000 4500 | ||
|---|---|---|---|
| 001 | r022066 | ||
| 005 | 20230825075856.4 | ||
| 041 | 0 | |a slo | |
| 044 | |a SK | ||
| 245 | 1 | 0 | |a Základné imanie nadácie |c Milan Ukrop |
| 520 | |a Zakotvenie inštitútu základného imania v zákone o nadáciách. Cieľom inštitútu základného imania je dlhodobo zachovať cieľ nadácie. Uplatnenie princípu primeranosti veľkosti majetku nadácie. Výška hodnoty vloženého majetku. Obmedzenia týkajúce sa darovania majetku nadácie. | ||
| 610 | 2 | 0 | |a imanie základné |
| 610 | 2 | 0 | |a nadácie |
| 610 | 2 | 0 | |a Slovensko |
| 610 | 2 | 0 | |a sektor terciárny |
| 100 | 1 | |a Ukrop, Milan | |